'F' Pictures by Category Quiz Stats

 Plays Quiz Updated Dec 26, 2013

Support Sporcle.
Go Orange.
Score 0/30 Timer 04:00
0 Plays Today
picture name % Correct
OccupationsFire Fighter
98.6%
Facebook
97%
Fisherman
93.5%
LogosFirefox
91.6%
Florist
91.6%
Farmer
90.2%
Flight Attendant
89%
Fortune Cookie
88.1%
Forrest Gump
87%
Fudge
85.9%
PlacesFinland
85.5%
Florida
85%
Fruit of the Loom
81.6%
FoodsFajitas
80.7%
Ferrari
78.3%
picture name % Correct
CelebritiesTina Fey
77.5%
Feta
72.3%
Fila
71.8%
Fuji
67.1%
Ferris Bueller's Day Off
58.3%
Jodie Foster
55.3%
Jane Fonda
53.3%
Falafel
50.7%
Colin Firth
44.3%
Ralph Fiennes
43.6%
MoviesThe Fifth Element
41.9%
The Fugitive
40.4%
Fear and Loathing in Las Vegas
37.7%
Forbidden City
31.6%
Falkland Islands
19.6%

From the Vault

Building Bridges IX

by jyrops

Today we're building bridges instead of burning them. It's all about connections.
Remove Ads.
Support Sporcle.
Get the best of Sporcle when you Go Orange. This ad-free experience offers more features, more stats, and more fun while also helping to support Sporcle. Thank you for becoming a member.

Show Comments

Extras

Top Quizzes Today


Score Distribution

Your Account Isn't Verified!

In order to create a playlist on Sporcle, you need to verify the email address you used during registration. Go to your Sporcle Settings to finish the process.

Report this User

Report this user for behavior that violates our Community Guidelines.

Details: